| 000 | 00678nam a2200181 a 4500 | ||
|---|---|---|---|
| 001 | 000017036 | ||
| 005 | 20200929165017.0 | ||
| 008 | 100316s1978 dr a 000 0 spa d | ||
| 040 |
_aDO-SdBNP _bspa _cBNPHU |
||
| 082 |
_axxx _bD542r |
||
| 100 | 1 |
_aDíaz Fernández, Osvaldo E. _937594 |
|
| 245 | 1 | 0 |
_aRégimen de las escuelas de formación laboral acelerada en la República Dominicana / _cOsvaldo E. Díaz Fernández; prólogo J. Manuel Clemente Ruiz. |
| 260 |
_aSanto Domingo : _bSUGEL, _c1978. |
||
| 300 |
_a48 p. : _bil. ; _c21 cm. |
||
| 700 | 1 |
_aClemente Ruiz, J. Manuel _epról. _937595 |
|
| 710 | 2 |
_aSupervisoría General de Escuelas Laborales _937596 |
|
| 910 | _aEn proceso | ||
| 999 |
_c16562 _d16562 |
||